| 000 | 02510njm0a2200505 4500 | ||
|---|---|---|---|
| 001 | RU\NLR\ONIZ\302842 | ||
| 005 | 20250708193919.0 | ||
| 035 | _a(NLR Aleph) 022043785 | ||
| 071 | 0 | 0 | _aС60 24621-2 008 |
| 090 |
_a13285429 _c13285429 |
||
| 100 | _a20230927d1987 |||y0rusy50 ca | ||
| 102 | _aRU | ||
| 126 |
_aabbxexu ux _bxxx |
||
| 127 | _a003700 | ||
| 200 | 1 |
_aАнсамбль "Верасы" [концерт] _bЗвукозапись _fруководитель Василий Раинчик |
|
| 203 |
_aМузыка _bисполнительская _cаудио |
||
| 210 |
_aМосква _cМелодия _d1987 _gЗавод грампластинок _eАпрелевка |
||
| 215 |
_a1 грп. [ГОСТ 5289-80] (37 мин) : 33 об/мин, стерео _d30 см, в конв |
||
| 300 | _aИсполн. рус. | ||
| 300 | _aЗапись 1985 г. | ||
| 327 | 1 |
_a1. Карнавал ; _a2. Звезда любви ; _a3. Полёт ; _a4. Аэробика ; _a5. Наедине ; _a6. Караван ; _a7. Фестиваль / В. Раинчик ; [автор слов] В. Некляев |
|
| 464 | 0 |
_12001#$aКарнавал _tКарнавал |
|
| 464 | 0 |
_12001#$aЗвезда любви _tЗвезда любви |
|
| 464 | 0 |
_12001#$aПолёт _tПолёт |
|
| 464 | 0 |
_12001#$aАэробика _tАэробика |
|
| 464 | 0 |
_12001#$aНаедине _tНаедине |
|
| 464 | 0 |
_12001#$aКараван _tКараван |
|
| 464 | 0 |
_12001#$aФестиваль _tФестиваль |
|
| 606 | 1 |
_aВИА советские белорусские _z20 век _jЗвукозапись _2nlr_sh |
|
| 606 | 1 |
_aПесни эстрадные для ВИА советские _z20 век _jЗвукозапись _2nlr_sh |
|
| 686 | 0 | _aЩ952.18, 8(2) | |
| 686 | 0 | _aЩ952.18-041.5я44(2Р) | |
| 702 | 1 |
_9z02790 _aРаинчик _bВ. П. _f1950- _gВасилий Петрович _4590 _7ca |
|
| 702 | 1 |
_9z03790 _aНекляев _bВ. П. _cпоэт _f1946- _gВладимир Прокофьевич _4520 _7ca |
|
| 710 | 0 | 2 |
_a"Верасы", вокально-инструментальный ансамбль _cМинск _9561994 _3RU\NLR\AUTH\880449230 |
| 790 | 1 |
_9z02702 _aRainčik _bV. _f1950- _gVasilij _4590 _7ba |
|
| 790 | 1 |
_9z03702 _aNekljaev _bV. _cpoet _f1946- _gVladimir _4520 _7ba |
|
| 801 | 0 |
_aRU _bNLR _c20230927 _gPSBO |
|
| 801 | 1 |
_aRU _bNLR _c20230927 _2rusmarc |
|
| 801 | 2 |
_aRU _bNLR _c20230927 |
|
| 852 |
_aNLR _bМг _j3/9482 _p42536 _t1 |
||
| 942 | _cREC | ||
| 980 | _aNB | ||
| 980 | _aONIZ | ||